| 000 | 01161nam a22003017a 4500 | ||
|---|---|---|---|
| 003 | CHAP | ||
| 005 | 20220817044541.0 | ||
| 008 | 120914s2012 mx a rs 00010 spa d | ||
| 010 | _a103941 | ||
| 011 | _a104913 | ||
| 035 | _a115603 | ||
| 040 | _cCHAP | ||
| 090 | _aFolleto 18371 | ||
| 110 | 2 | _aInstituto Nacional de Estadística y Geografía. México | |
| 245 | 1 |
_aEstadísticas a propósito de la 64 Asamblea General Ordinaria de la Cámara Nacional de la Industria del Hierro y del Acero : _bla industria siderúrgica en México _c/por Instituto Nacional de Estadística y Geografía |
|
| 260 |
_aAguascalientes, Ags. : _bINEGI, _c[2012] |
||
| 300 |
_a23 p. : _bilus., gráfs. |
||
| 590 |
_aBATCH-UPD _b10 _c20130110 _lUCH01 _h0347 |
||
| 590 |
_aBATCH-UPD _b10 _c20130110 _lUCH01 _h0409 |
||
| 590 |
_aBATCH-UPD _b10 _c20130409 _lUCH01 _h2255 |
||
| 590 |
_aBATCH-UPD _b10 _c20130914 _lUCH01 _h0012 |
||
| 590 |
_aCONVERSION _b10 _c20130109 _lUCH01 _h1357 |
||
| 650 | 1 | 4 |
_aAcero _xIndustria. _9486 |
| 650 | 1 | 4 |
_aHierro _xIndustria _xMéxico. _955300 |
| 901 | _aBK | ||
| 942 | _cFOLL | ||
| 949 |
_aFolleto 18371 _bBC _cINEGI _d33724002347918 _eINEGI _gDonaciØn _i115603 _sb |
||
| 999 |
_c103941 _d103941 |
||